হিন্দুশাস্ত্রে নারী / (Record no. 78324)
[ view plain ]
| 000 -LEADER | |
|---|---|
| fixed length control field | 01772nam a2200301 a 4500 |
| 001 - CONTROL NUMBER | |
| control field | 78324 |
| 003 - CONTROL NUMBER IDENTIFIER | |
| rucl marc code | BD-RjUL |
| 005 - DATE AND TIME OF LATEST TRANSACTION | |
| control field | 20211209083122.0 |
| 008 - FIXED-LENGTH DATA ELEMENTS--GENERAL INFORMATION | |
| fixed length control field | 210908s2018 bg a|||| m||| 00| 0 ben d |
| 035 ## - SYSTEM CONTROL NUMBER | |
| System control number | (BD-RjUL)78550 |
| 040 ## - CATALOGING SOURCE | |
| Original cataloging agency | BD-RjUL |
| Language of cataloging | ben / eng |
| Transcribing agency | BD-RjUL |
| Modifying agency | BD-RjUL |
| 041 ## - LANGUAGE CODE | |
| Language code of text/sound track or separate title | ben |
| 082 ## - DEWEY DECIMAL CLASSIFICATION NUMBER | |
| Classification number | 305.486945 |
| Author mark and year | DAH 2018 |
| Edition number | 23 |
| 100 ## - MAIN ENTRY--PERSONAL NAME | |
| Personal name | দাষ, জয়শ্রী |
| 9 (RLIN) | 247571 |
| 245 10 - TITLE STATEMENT | |
| Title | হিন্দুশাস্ত্রে নারী / |
| Statement of responsibility, etc. | জয়শ্রী, দাষ |
| Linkage | গবেষণা তত্ত্বাবধায়ক : নিখিল রঞ্জন বিশ্বাস |
| 260 ## - PUBLICATION, DISTRIBUTION, ETC. (IMPRINT) | |
| Place of publication, distribution, etc. | রাজশাহী : |
| Name of publisher, distributor, etc. | সংস্কৃত বিভাগ, রাজশাহী বিশ্ববিদ্যালয়, |
| Date of publication, distribution, etc. | ২০১৮ |
| 300 ## - PHYSICAL DESCRIPTION | |
| Pagination | v, [১] - ২৪২ পাতা : |
| Illustrations | চিএ ; |
| Size | ২৯ সেমি. |
| 502 ## - DISSERTATION NOTE | |
| Dissertation note | থিসিস (পিএইচ. ডি.) -- সংস্কৃত বিভাগ, রাজশাহী বিশ্ববিদ্যালয়, ২০১৮ |
| 504 ## - BIBLIOGRAPHY, ETC. NOTE | |
| Bibliography, etc | গ্রন্থপঞ্জি : পাতা [২১৫]-২১৯ |
| 650 ## - SUBJECT ADDED ENTRY--TOPICAL TERM | |
| Topical term or geographic name as entry element | হিন্দুশাস্ত্রে নারী |
| 9 (RLIN) | 247641 |
| Topical term or geographic name as entry element | Women in Hinduism |
| 9 (RLIN) | 247642 |
| Topical term or geographic name as entry element | হিন্দু নারী |
| General subdivision | সামাজিক অবস্থা। |
| 9 (RLIN) | 247643 |
| Topical term or geographic name as entry element | Hindu women |
| General subdivision | Social conditions. |
| 9 (RLIN) | 247644 |
| Topical term or geographic name as entry element | নারীর অধিকার |
| General subdivision | ধর্মীয় দিক। |
| -- | হিন্দুশাস্ত্র |
| 9 (RLIN) | 247645 |
| Topical term or geographic name as entry element | Women's rights |
| General subdivision | Religious aspects. |
| Geographic subdivision | Hinduism |
| 9 (RLIN) | 247646 |
| 700 ## - ADDED ENTRY--PERSONAL NAME | |
| Personal name | বিশ্বাস, নিখিল রঞ্জন, গবেষণা তত্ত্বাবধায়ক |
| 942 ## - ADDED ENTRY ELEMENTS (KOHA) | |
| Source of classification or shelving scheme | Dewey Decimal Classification |
| Koha item type | Theses |
| Lost status | Source of classification or shelving scheme | Damaged status | Not for loan | Collection code | Permanent Location | Current Location | Shelving location | Date acquired | Source of acquisition | Total Checkouts | Full call number | Date last seen | Copy number | Koha item type |
|---|---|---|---|---|---|---|---|---|---|---|---|---|---|---|
| Dewey Decimal Classification | Not For Loan | Theses | Central Library, University of Rajshahi | Central Library, University of Rajshahi | Documentation Section | 06/08/2019 | Controller of Exam. R.U | BTHE 305.486945 DAH 2018 | 08/09/2021 | C-1 | Theses |